000 00891cam a2200253 i 4500
005 20180803170419.0
008 170901s1998 cl a r 00010 spa d
040 _aCO-BoIAVH
_cCO-BoIAVH
_dCO-BoIAVH
041 0 _aspa
044 _acl
082 1 4 _a323.11
_bW35p
100 1 _aGarcía-Romeru, Bibiana
_dautora
245 1 4 _aLos pueblos indígenas frente al nuevo milenio:
_bherramienta de trabajo para la participación indígena en la agenda ambiental internacional /
260 _aMadrid:
_bWATU;
_bAcción Indígena,
_c1998.
300 _a132 páginas ;
504 _aIncluye glosario e índice.
650 1 4 _aIndígenas
_xmedio ambiente
650 2 4 _aParticipación indígena
650 2 4 _aComunidades indígenas
700 1 _aLópez, Atencio
_eautor
700 1 _aHuertas, Héctor
_eautor
942 _2ddc
_cLIBRO
949 _ac
_bc
999 _c19793
_d19793